Movies Quiz

Random Movies or Book Quiz

Box Office Top 20 - Comic Books Quiz Stats

 Plays Quiz not verified by Sporcle

Score 0/20 Timer 10:00
0 Plays Today
Year % Correct
1989Batman
96.9%
2002Spider-Man
95.7%
2008The Dark Knight
94.8%
2004Spider-Man 2
92.7%
2007Spider-Man 3
92.2%
2008Iron Man
87.2%
2005Batman Begins
85.7%
2000X-Men
83.6%
2003X2: X-Men United
81.7%
2006X-Men: The Last Stand
80.3%
Year % Correct
1992Batman Returns
75.2%
1995Batman Forever
73.5%
2006Superman Returns
71.3%
2008The Incredible Hulk
68.5%
2005Fantastic Four
61.7%
2009X-Men Origins: Wolverine
60%
2004The Incredibles
21.6%
2008Hancock
18.4%
2008Wanted
11.5%
1990Teenage Mutant Ninja Turtles
10.2%

You're not logged in!

Compare scores with friends on all Sporcle quizzes.
OR
Log In

Show Comments

Extras

Top Quizzes Today


Score Distribution

Your Account Isn't Verified!

In order to create a playlist on Sporcle, you need to verify the email address you used during registration. Go to your Sporcle Settings to finish the process.

Report this User

Report this user for behavior that violates our Community Guidelines.

Details: